ECONOMICS AFRICAN EDITION (Record no. 611019)

MARC details
000 -LEADER
fixed length control field 00403nam a2200157 a 4500
001 - CONTROL NUMBER
control field 1770453312571
003 - CONTROL NUMBER IDENTIFIER
control field YourLibrary
005 - DATE AND TIME OF LATEST TRANSACTION
control field 20260222145120.0
008 - FIXED-LENGTH DATA ELEMENTS--GENERAL INFORMATION
fixed length control field 260207s2026##################000#0#eng##
020 ## - INTERNATIONAL STANDARD BOOK NUMBER
International Standard Book Number 9781308040080
040 ## - CATALOGING SOURCE
Original cataloging agency YourLibrary
Language of cataloging eng
Transcribing agency YourLibrary
082 04 - DEWEY DECIMAL CLASSIFICATION NUMBER
Classification number 330
Item number BEG
100 ## - MAIN ENTRY--PERSONAL NAME
Relator term BEGG DAVID
245 10 - TITLE STATEMENT
Title ECONOMICS AFRICAN EDITION
Statement of responsibility, etc. / DAVID BEGG
942 ## - ADDED ENTRY ELEMENTS (KOHA)
Koha item type English Books
Source of classification or shelving scheme Dewey Decimal Classification
Holdings
Withdrawn status Lost status Damaged status Not for loan Home library Current library Shelving location Date acquired Total Checkouts Full call number Barcode Date last seen Date last checked out Price effective from Koha item type
        Anna Centenary Library Anna Centenary Library 4TH FLOOR, A WING 07.02.2026 1 330 BEG 614568 01.03.2026 26.02.2026 07.02.2026 English Books

Find us on the map